Central Library OPAC University of Rajshahi

Finance for IT decision makers : (Record no. 2357)

MARC details
000 -LEADER
fixed length control field 01321cam a2200373 a 4500
001 - CONTROL NUMBER
control field 2357
003 - CONTROL NUMBER IDENTIFIER
rucl marc code BD-RjUL
005 - DATE AND TIME OF LATEST TRANSACTION
control field 20211208233530.0
008 - FIXED-LENGTH DATA ELEMENTS--GENERAL INFORMATION
fixed length control field 131110s2008 enka sb 001 0 eng d
020 ## - INTERNATIONAL STANDARD BOOK NUMBER
Canceled/invalid ISBN 9781902505732
Canceled/invalid ISBN 1902505735
035 ## - SYSTEM CONTROL NUMBER
System control number (CtWfDGI)bks00035463
System control number (NNC)8348957
-- (BD-RjUL)2384
040 ## - CATALOGING SOURCE
Original cataloging agency CtWfDGI
Language of cataloging eng
Transcribing agency CtWfDGI
Modifying agency BD-RjUL
041 ## - LANGUAGE CODE
Language code of text/sound track or separate title eng
082 04 - DEWEY DECIMAL CLASSIFICATION NUMBER
Classification number 658.15
Edition number 22
Author mark and year BLF
100 1# - MAIN ENTRY--PERSONAL NAME
Personal name Blackstaff, Michael,
Dates associated with a name 1939-
9 (RLIN) 7632
245 10 - TITLE STATEMENT
Title Finance for IT decision makers :
Remainder of title a practical handbook for buyers, sellers, and managers /
Statement of responsibility, etc. Michael Blackstaff, Hugh Pike.
250 ## - EDITION STATEMENT
Edition statement 2nd ed.
256 ## - COMPUTER FILE CHARACTERISTICS
Computer file characteristics Computer document.
260 ## - PUBLICATION, DISTRIBUTION, ETC. (IMPRINT)
Place of publication, distribution, etc. Swindon, U.K. :
Name of publisher, distributor, etc. British Computer Society,
Date of publication, distribution, etc. c2006
300 ## - PHYSICAL DESCRIPTION
Pagination XIX,315p. :
Illustrations ill.;
Size 24 cm.
500 ## - GENERAL NOTE
General note Title from title screen.
504 ## - BIBLIOGRAPHY, ETC. NOTE
Bibliography, etc Includes bibliographical references and index.
516 ## - TYPE OF COMPUTER FILE OR DATA NOTE
Type of computer file or data note Text.
550 ## - ISSUING BODY NOTE
Issuing body note Digitized and made available by: Books24x7.com.
650 #0 - SUBJECT ADDED ENTRY--TOPICAL TERM
Topical term or geographic name as entry element Information technology
General subdivision Economic aspects.
9 (RLIN) 7633
Topical term or geographic name as entry element Business enterprises
General subdivision Finance.
9 (RLIN) 7634
700 1# - ADDED ENTRY--PERSONAL NAME
Personal name Pike, Hugh.
710 2# - ADDED ENTRY--CORPORATE NAME
Corporate name or jurisdiction name as entry element Books24x7, Inc.
9 (RLIN) 7637
856 40 - ELECTRONIC LOCATION AND ACCESS
Uniform Resource Identifier <a href="http://www.columbia.edu/cgi-bin/cul/resolve?clio8348957">http://www.columbia.edu/cgi-bin/cul/resolve?clio8348957</a>
Public note Click here for full text.
942 ## - ADDED ENTRY ELEMENTS (KOHA)
Source of classification or shelving scheme Dewey Decimal Classification
Koha item type Books
Holdings
Lost status Source of classification or shelving scheme Damaged status Not for loan Collection code Permanent Location Current Location Shelving location Date acquired Source of acquisition Cost, normal purchase price Total Checkouts Full call number Date last seen Copy number Koha item type
  Dewey Decimal Classification     Non-fiction Central Library, University of Rajshahi Central Library, University of Rajshahi   02/07/2009 Dhaka Ashin Mission book disbut. house 2499.00   658.15 BLF 2008 11/12/2013 C-3 Books
  Dewey Decimal Classification     Non-fiction Central Library, University of Rajshahi Central Library, University of Rajshahi   02/07/2009 Ahsania Mission Book Dis.House 2499.00   658.15 BLF 2008 11/12/2013 C-4 Books
  Dewey Decimal Classification     Non-fiction Central Library, University of Rajshahi Central Library, University of Rajshahi   02/07/2009 Ahosania book mission 2499.00   658.15 BLF 2008 05/09/2016 C-5 Books
  Dewey Decimal Classification   Not For Loan Non-fiction Central Library, University of Rajshahi Central Library, University of Rajshahi Reading Room 02/07/2009 Ahasania mission book Distribution. 2499.00   658.15 BLF 2008 18/12/2016 C-1 Books